| 000 | 01710nam0a2200397 4500 | ||
|---|---|---|---|
| 001 | RU\NLR\bibl\1458382 | ||
| 005 | 20260408234933.0 | ||
| 010 |
_a978-5-88503-852-2 _93000 |
||
| 021 |
_aRU _b2009-90643 _95718 |
||
| 035 | _a(nilc)RSL-KNO-004411507 | ||
| 035 | _a(NLR Aleph) 001450164 | ||
| 090 |
_a1518047 _c1518047 |
||
| 100 | _a20091105d2009 |||y0rusy50 ca | ||
| 101 | 1 |
_arus _cara |
|
| 102 | _aRU | ||
| 105 | _ay ||||||||| | ||
| 200 | 1 |
_aЖемчужины ал-Бухари _eхадисы Пророка с комментариями ал-Касталани _fИмам аль-Бухари _g[пер.: Таджуддин-хаджи Казибеков] |
|
| 210 |
_aМосква _c[б. и.] _aСанкт-Петербург _cДиля _d2009 |
||
| 215 |
_a314 с. _d25 |
||
| 320 | _aБиблиогр. в тексте | ||
| 500 |
_aХадисы Пророка _3RU\NLR\AUTH\559208 _92631235 |
||
| 606 | 1 |
_aХадисы _91224513 _3RU\NLR\auth\66180404 |
|
| 686 |
_aЭ38-220.9,0 _2rubbk |
||
| 686 | _aЭ38-220.9 | ||
| 700 | 1 |
_4070 _8rus _7ca _aБухари _bА.-А.-М. аль _f810-870 _gАбу-Абдаллах-Мухаммед аль _3RU\NLR\AUTH\7710815 _9120579 |
|
| 702 | 1 |
_4570 _8rus _7ca _aКасталани _bА. ибн А. Б. ал _fок.1454-ок.1517 _gАхмад ибн Абу Бакр ал _3RU\NLR\AUTH\77105588 _988513 |
|
| 702 | 1 |
_4730 _8rus _7ca _aКазибеков _bТ.-хаджи _gТаджуддин-хаджи _3RU\NLR\AUTH\77114864 _997789 |
|
| 801 | 0 |
_aRU _bРГБ _c20091105 _grcr |
|
| 801 | 1 |
_aRU _bРГБ _c20091105 |
|
| 801 | 2 |
_aRU _bNLR _c20091228 _grcr |
|
| 830 | _aавт. по кн. | ||
| 942 | _cBOOK | ||
| 980 | _aNB | ||